000 01168nam a2200313 i 4500
005 20220317000221.0
007 ta
008 200422s2013 ck a sgr s s0 spa d
020 _a9789586486477
040 _aCO-BoRNBP
_bspa
_cCO-BoRNBP
_erda
041 0 _aspa
082 0 4 _a658.022
_bF46p
100 1 _aFlórez Uribe, Juan Antonio
_eautor
245 1 0 _aProyectos de inversión para las PYME
_bcreación de empresas
_cJuan Antonio Flórez Uribe ; coordinación editorial Adriana Gutiérrez M
250 _aSegunda edición
264 1 _aBogotá
_bEcoe
_c2013
300 _axiv,185 páginas
_bilustraciones, cuadros en blanco y negro, tablas
_c24 cm
336 _atexto
_btxt
_2rdacontent
337 _asin mediación
_bn
_2rdamedia
338 _avolumen
_bnc
_2rdacarrier
504 _aIncluye referencias bibliográficas
650 1 7 _aPequeña y mediana empresa
_xAdministración
_2ARMARC
650 1 7 _aProyectos de desarrollo
_2ARMARC
650 1 7 _aAdministración de empresas
_2ARMARC
650 1 7 _aPlanificación del mercadeo
_2ARMARC
650 1 7 _aAnálisis de inversiones
_2ARMARC
700 1 _aGutiérrez M., Adriana
_ecoordinadora
_9174685
942 _2ddc
_cBK
999 _c3428
_d3428